[Event "Budapest Novotel-C"]
[Site "Budapest"]
[Date "2004.08.25"]
[Round "7"]
[White "Dombai, Istvan"]
[Black "Petrienko, Vladimir"]
[Result "0-1"]
[WhiteElo "2240"]
[BlackElo "2429"]
[PlyCount "54"]
[EventDate "2004.08.19"]
[EventType "tourn"]
[EventRounds "9"]
[EventCountry "HUN"]
[EventCategory "3"]
[SourceTitle "EXT 2005"]
[Source "ChessBase"]
[SourceDate "2004.11.15"]
[SourceVersion "1"]
[SourceVersionDate "2004.11.15"]
[SourceQuality "1"]

1. d4 Nf6 2. Nf3 c5 3. e3 e6 4. Bd3 Nc6 5. c3 b6 6. 0-0 Bb7 7. Qe2 Qc7 8. a4 d5 9. Nbd2 Be7 10. e4 dxe4 11. Nxe4 cxd4 12. cxd4 0-0 13. Bg5 Nd5 14. Bb1 Rac8 15. Rd1 Rfd8 16. h4 h6 17. Be3 Ncb4 18. Ne5 Nxe3 19. Qh5 Rf8 20. fxe3 Nc2 21. Ng5 Bf6 22. Ngxf7 Rxf7 23. Rc1 Bxe5 24. Bxc2 Bh2+ 25. Kh1 Qg3 26. d5 Bxd5 27. Qg6 Bxg2# 0-1

[Event "Budapest Novotel-C"]
[Site "Budapest"]
[Date "2004.08.22"]
[Round "4"]
[White "Petrienko, Vladimir"]
[Black "Meshcheriakova, Evgenia"]
[Result "1/2-1/2"]
[WhiteElo "2429"]
[BlackElo "2229"]
[PlyCount "23"]
[EventDate "2004.08.19"]
[EventType "tourn"]
[EventRounds "9"]
[EventCountry "HUN"]
[EventCategory "3"]
[SourceTitle "EXT 2005"]
[Source "ChessBase"]
[SourceDate "2004.11.15"]
[SourceVersion "1"]
[SourceVersionDate "2004.11.15"]
[SourceQuality "1"]

1. d4 Nf6 2. c4 e6 3. Nc3 Bb4 4. Qc2 0-0 5. a3 Bxc3+ 6. Qxc3 Ne4 7. Qd3 f5 8. Nf3 b6 9. e3 Bb7 10. Be2 d6 11. b3 Nd7 12. Bb2 1/2-1/2

[Event "George Marx Memorial IM"]
[Site "Paks"]
[Date "2004.06.12"]
[Round "8"]
[White "Petrienko, Vladimir"]
[Black "Bogdan, Dan"]
[Result "0-1"]
[WhiteElo "2425"]
[BlackElo "2452"]
[PlyCount "70"]
[EventDate "2004.06.05"]
[EventType "tourn"]
[EventRounds "11"]
[EventCountry "HUN"]
[EventCategory "4"]
[SourceTitle "CBM 100 Extra"]
[Source "ChessBase"]
[SourceDate "2004.07.06"]
[SourceVersion "2"]
[SourceVersionDate "2004.07.06"]
[SourceQuality "1"]

1. e4 g6 2. d4 Bg7 3. Nf3 d6 4. c3 c6 5. Bd3 Nd7 6. Nbd2 Qc7 7. 0-0 Ngf6 8. Re1 0-0 9. a4 e5 10. dxe5 Nxe5 11. Nxe5 dxe5 12. Nc4 Be6 13. Bg5 h6 14. Bh4 b6 15. Bf1 Nd7 16. b4 a6 17. f3 Rfb8 18. Qd2 Bf8 19. Reb1 b5 20. Ne3 h5 21. Bf2 Nb6 22. a5 Nd7 23. c4 Rd8 24. cxb5 cxb5 25. Nd5 Bxd5 26. exd5 Nf6 27. Bb6 Qb7 28. Bxd8 Rxd8 29. Ra3 Rxd5 30. Rd3 Rxd3 31. Bxd3 Qd5 32. Qc3 h4 33. h3 Nh5 34. Be4 Qd6 35. Qd3 Qc7 0-1

[Event "George Marx Memorial IM"]
[Site "Paks"]
[Date "2004.06.09"]
[Round "5"]
[White "Konnyu, Janos"]
[Black "Petrienko, Vladimir"]
[Result "0-1"]
[WhiteElo "2257"]
[BlackElo "2425"]
[PlyCount "84"]
[EventDate "2004.06.05"]
[EventType "tourn"]
[EventRounds "11"]
[EventCountry "HUN"]
[EventCategory "4"]
[SourceTitle "CBM 100 Extra"]
[Source "ChessBase"]
[SourceDate "2004.07.06"]
[SourceVersion "2"]
[SourceVersionDate "2004.07.06"]
[SourceQuality "1"]

1. e4 c5 2. Nf3 a6 3. c3 e6 4. d4 d5 5. e5 Bd7 6. Nbd2 Nc6 7. Be2 Nge7 8. 0-0 cxd4 9. cxd4 Nf5 10. Nb3 Qb6 11. g4 Nfe7 12. Be3 h5 13. Nc5 hxg4 14. Ng5 Nf5 15. Nxd7 Qd8 16. Qd2 Bb4 17. Qd3 Qxd7 18. Bxg4 g6 19. Nf3 Be7 20. Bd2 Kf8 21. Bxf5 exf5 22. Rfe1 Rh5 23. Rac1 Kg7 24. e6 fxe6 25. Bf4 Bf6 26. Qe3 Re8 27. Ne5 Bxe5 28. Bxe5+ Kf7 29. Rc5 Qe7 30. Kh1 Qh4 31. Qg3 g5 32. a3 f4 33. Qxh4 Rxh4 34. f3 Kg6 35. b4 Kf5 36. b5 axb5 37. Rxb5 Re7 38. Rb2 Reh7 39. Rg2 Rh3 40. Rf2 Na5 41. a4 Nc4 42. Kg1 b6 0-1

[Event "Szombathely Savaria 4th"]
[Site "Szombathely"]
[Date "2004.03.28"]
[Round "7"]
[White "Petrienko, Vladimir"]
[Black "Gerencer, Jozef"]
[Result "1-0"]
[WhiteElo "2425"]
[BlackElo "2165"]
[PlyCount "127"]
[EventDate "2004.03.22"]
[EventType "tourn"]
[EventRounds "9"]
[EventCountry "HUN"]
[EventCategory "3"]
[SourceTitle "CBM 099 Extra"]
[Source "ChessBase"]
[SourceDate "2004.05.04"]
[SourceVersion "1"]
[SourceVersionDate "2004.05.04"]
[SourceQuality "1"]

1. e4 e6 2. d4 d5 3. Nd2 dxe4 4. Nxe4 Be7 5. Nf3 Nf6 6. Bd3 Nbd7 7. 0-0 Nxe4 8. Bxe4 Nf6 9. Bd3 0-0 10. Bg5 b6 11. Qe2 Bb7 12. Rad1 Bxf3 13. Qxf3 Qd5 14. Qxd5 Nxd5 15. Bd2 Rad8 16. c3 Bd6 17. g3 e5 18. Bg5 Nf6 19. dxe5 Bxe5 20. Rfe1 Bd6 21. Kg2 Rfe8 22. Bb5 Rxe1 23. Rxe1 Kf8 24. h3 Be7 25. Bc6 Rd6 26. Bf3 Re6 27. Rxe6 fxe6 28. Bc6 Bd6 29. Bd2 Ke7 30. Kf3 Ng8 31. Ke2 Nf6 32. Kd3 Bc5 33. Be1 Kd6 34. Bg2 Kd7 35. Kc4 c6 36. Kd3 Bd6 37. Bd2 Bc5 38. Ke2 Be7 39. Kf3 Bd6 40. Bf1 Be5 41. Bd3 Ke7 42. Bg5 h6 43. Bd2 Kd7 44. Bg6 Ke7 45. Ke2 Nd5 46. Be4 Kd7 47. f4 Bd6 48. Kf3 Be7 49. Bg6 Bf6 50. Be4 Be7 51. c4 Nf6 52. Bg6 Ne8 53. g4 Nd6 54. b3 Bd8 55. g5 Nf5 56. Kg4 hxg5 57. fxg5 Nd4 58. h4 Ke7 59. Bf4 Ne2 60. Be5 Kf8 61. h5 Nc1 62. h6 Kg8 63. Bxg7 Nxa2 64. Be5 1-0

[Event "Szombathely Savaria 4th"]
[Site "Szombathely"]
[Date "2004.03.26"]
[Round "5"]
[White "Petrienko, Vladimir"]
[Black "Bokros, Albert"]
[Result "1/2-1/2"]
[WhiteElo "2425"]
[BlackElo "2484"]
[PlyCount "62"]
[EventDate "2004.03.22"]
[EventType "tourn"]
[EventRounds "9"]
[EventCountry "HUN"]
[EventCategory "3"]
[SourceTitle "CBM 099 Extra"]
[Source "ChessBase"]
[SourceDate "2004.05.04"]
[SourceVersion "1"]
[SourceVersionDate "2004.05.04"]
[SourceQuality "1"]

1. e4 c5 2. Nf3 e6 3. d4 cxd4 4. Nxd4 Nf6 5. Nc3 d6 6. g3 Nc6 7. Bg2 Bd7 8. 0-0 Be7 9. Nb3 0-0 10. Qe2 Rc8 11. f4 a6 12. a4 e5 13. Be3 exf4 14. gxf4 Nb4 15. Kh1 Be6 16. Qd2 Bc4 17. Rfd1 d5 18. e5 Ng4 19. Bg1 Bxb3 20. cxb3 Bc5 21. Bh3 Qh4 22. Qg2 h5 23. Rd2 Rc6 24. Bxc5 Rxc5 25. Bxg4 hxg4 26. Rg1 Rd8 27. Qxg4 Qxg4 28. Rxg4 d4 29. Ne4 Rc1+ 30. Rg1 Rxg1+ 31. Kxg1 d3 1/2-1/2

[Event "Szombathely Savaria 4th"]
[Site "Szombathely"]
[Date "2004.03.25"]
[Round "4"]
[White "Nemeth, Miklos"]
[Black "Petrienko, Vladimir"]
[Result "1/2-1/2"]
[WhiteElo "2366"]
[BlackElo "2425"]
[PlyCount "58"]
[EventDate "2004.03.22"]
[EventType "tourn"]
[EventRounds "9"]
[EventCountry "HUN"]
[EventCategory "3"]
[SourceTitle "CBM 099 Extra"]
[Source "ChessBase"]
[SourceDate "2004.05.04"]
[SourceVersion "1"]
[SourceVersionDate "2004.05.04"]
[SourceQuality "1"]

1. e4 c5 2. Nf3 a6 3. c4 e6 4. d4 cxd4 5. Nxd4 Nf6 6. Bd3 Nc6 7. Nxc6 dxc6 8. 0-0 e5 9. Qe2 Bc5 10. h3 0-0 11. Nd2 Ba7 12. Nf3 Nd7 13. Rd1 Qe7 14. Bg5 f6 15. Bd2 Re8 16. Rac1 Nf8 17. b4 c5 18. b5 Ne6 19. a4 Nd4 20. Qe3 Be6 21. Bc3 axb5 22. axb5 Bb6 23. Ra1 Rec8 24. Nd2 Qd8 25. Nf1 Ba5 26. Qe1 Bxc3 27. Qxc3 Qd7 28. Kh2 Rd8 29. Ne3 h6 1/2-1/2

[Event "Szombathely Savaria 4th"]
[Site "Szombathely"]
[Date "2004.03.22"]
[Round "1"]
[White "Petrienko, Vladimir"]
[Black "Meshcheriakova, Evgenia"]
[Result "1/2-1/2"]
[WhiteElo "2425"]
[BlackElo "2211"]
[PlyCount "22"]
[EventDate "2004.03.22"]
[EventType "tourn"]
[EventRounds "9"]
[EventCountry "HUN"]
[EventCategory "3"]
[SourceTitle "CBM 099 Extra"]
[Source "ChessBase"]
[SourceDate "2004.05.04"]
[SourceVersion "1"]
[SourceVersionDate "2004.05.04"]
[SourceQuality "1"]

1. e4 e5 2. Nf3 Nf6 3. Nxe5 d6 4. Nf3 Nxe4 5. Qe2 Qe7 6. d3 Nf6 7. Bg5 Qxe2+ 8. Bxe2 Be7 9. Nc3 c6 10. 0-0-0 Na6 11. d4 Nc7 1/2-1/2

[Event "Erkel Memorial op"]
[Site "Gyula"]
[Date "2000.11.03"]
[Round "6"]
[White "Sinkovics, Peter"]
[Black "Petrienko, Vladimir"]
[Result "1/2-1/2"]
[WhiteElo "2336"]
[BlackElo "2435"]
[PlyCount "174"]
[EventDate "2000.10.??"]
[EventType "swiss"]
[EventRounds "9"]
[EventCountry "HUN"]
[SourceTitle "EXT 2004"]
[Source "ChessBase"]
[SourceDate "2003.11.25"]
[SourceVersion "1"]
[SourceVersionDate "2003.11.25"]
[SourceQuality "1"]

1. d4 e6 2. c4 Nf6 3. Nf3 b6 4. g3 Ba6 5. b3 Bb4+ 6. Bd2 Be7 7. Bc3 c6 8. Bg2 d5 9. Ne5 Nfd7 10. Nxd7 Nxd7 11. Nd2 0-0 12. 0-0 b5 13. Rc1 bxc4 14. bxc4 Nb6 15. c5 Nc4 16. Nxc4 Bxc4 17. Re1 Rb8 18. Qa4 Qd7 19. e4 Rb7 20. e5 Rfb8 21. Bf1 Bxf1 22. Rxf1 Rb5 23. Qc2 g6 24. g4 f6 25. f4 Rf8 26. exf6 Bxf6 27. Rce1 Rbb8 28. Re3 Bg7 29. Qe2 Rbe8 30. Kg2 Bh6 31. g5 Bg7 32. h4 Qf7 33. Kg3 h5 34. Qf3 Qf5 35. Re2 Rb8 36. Rfe1 Rfe8 37. Kg2 Kh7 38. Rf2 Rb7 39. Qh3 Qf7 40. Qd3 Rbe7 41. Qf3 Rf8 42. Kg3 Qe8 43. Qd3 Qd7 44. Kh2 Qc7 45. Kg3 Qc8 46. Kg2 Ref7 47. Bd2 Qd7 48. Kh2 Rb8 49. Rfe2 Re8 50. Kg2 Ree7 51. Kh2 Qe8 52. Kg3 Rf8 53. Kh2 Qf7 54. Kg3 Rb8 55. Bc3 Rbb7 56. Qc2 Re8 57. Qd3 Kg8 58. Qc2 Rf8 59. Rf2 Rbb8 60. Qd3 Rb5 61. Qe3 Re8 62. Qd3 Kf8 63. Rfe2 Rbb8 64. Qc2 Re7 65. Qd3 Rbb7 66. Qc2 Kg8 67. Qd3 Rb8 68. Bd2 Rb2 69. Bc3 Rxe2 70. Rxe2 Re8 71. Qb1 Rf8 72. Rf2 Kh7 73. Qd3 Qd7 74. Kh2 Rf7 75. Qe3 Qc8 76. Kg2 Re7 77. f5 gxf5 78. Rxf5 exf5 79. Qxe7 f4 80. g6+ Kxg6 81. Qg5+ Kh7 82. Qxh5+ Kg8 83. Qg6 Qa6 84. Qe8+ Kh7 85. Qh5+ Kg8 86. Qe8+ Kh7 87. Qh5+ Kg8 1/2-1/2

[Event "EU-chT Railways USIC"]
[Site "Dresden"]
[Date "2000.06.23"]
[Round "5.3"]
[White "Petrienko, Vladimir"]
[Black "Korpics, Zsolt"]
[Result "1-0"]
[WhiteElo "2435"]
[BlackElo "2311"]
[PlyCount "71"]
[EventDate "2000.06.19"]
[EventType "team-swiss"]
[EventRounds "7"]
[EventCountry "GER"]
[SourceTitle "EXT 2002"]
[Source "ChessBase"]
[SourceDate "2001.11.25"]
[SourceVersion "1"]
[SourceVersionDate "2001.11.25"]
[SourceQuality "1"]
[WhiteTeam "Russia (USIC)"]
[BlackTeam "Hungary (USIC)"]
[WhiteTeamCountry "RUS"]
[BlackTeamCountry "HUN"]

1. e4 c5 2. Nc3 Nc6 3. Nf3 d6 4. d4 cxd4 5. Nxd4 Nf6 6. Bc4 Na5 7. Bd3 e6 8. 0-0 Be7 9. f4 a6 10. Kh1 Qc7 11. Nf3 e5 12. Qe1 Be6 13. f5 Bd7 14. Bg5 b6 15. Bxf6 Bxf6 16. Nd5 Qc6 17. b4 Nb7 18. Bxa6 Nd8 19. Bb5 Qb7 20. Bxd7+ Kxd7 21. Qe3 Rb8 22. b5 Qa7 23. a4 Nb7 24. Nxb6+ Ke8 25. Nd2 Na5 26. Ndc4 Nxc4 27. Nxc4 Qxe3 28. Nxe3 Bd8 29. Rfd1 Ke7 30. f6+ Kxf6 31. Rxd6+ Ke7 32. Nf5+ Kf8 33. a5 g6 34. a6 gxf5 35. a7 Ra8 36. Rxd8+ 1-0

[Event "Presov op"]
[Site "Presov"]
[Date "1999.??.??"]
[Round "5"]
[White "Demeter, Peter"]
[Black "Petrienko, Vladimir"]
[Result "0-1"]
[WhiteElo "2227"]
[BlackElo "2435"]
[PlyCount "82"]
[EventDate "1999.08.??"]
[EventType "swiss"]
[EventRounds "9"]
[EventCountry "SVK"]
[SourceTitle "EXT 2000"]
[Source "ChessBase"]
[SourceDate "1999.11.16"]
[SourceVersion "1"]
[SourceVersionDate "1999.11.16"]
[SourceQuality "1"]

1. c4 f5 2. g3 Nf6 3. Nf3 g6 4. Bg2 Bg7 5. 0-0 0-0 6. Nc3 d6 7. d4 Qe8 8. d5 Na6 9. e4 fxe4 10. Ng5 Bg4 11. Qc2 c5 12. a3 Nc7 13. Ngxe4 b5 14. Nxf6+ Bxf6 15. Bh6 Rf7 16. Ne4 Bd4 17. Rae1 Bf5 18. b3 Rb8 19. Be3 Bg7 20. Qd1 Qc8 21. Ng5 Rf8 22. Be4 h6 23. Bxf5 Qxf5 24. Ne6 Nxe6 25. dxe6 Qf3 26. Qxf3 Rxf3 27. Kg2 Rf6 28. Bc1 bxc4 29. bxc4 Rb3 30. Re4 Rf8 31. Re3 Rfb8 32. Rd1 a5 33. Rdd3 a4 34. Rd2 h5 35. Rc2 Bh6 36. f4 Bg7 37. Kf3 Bd4 38. Rxb3 axb3 39. Rb2 Bxb2 40. Bxb2 d5 41. Ke3 d4+ 0-1

[Event "EU-chT Railways USIC 14th "]
[Site "Balatonboglar"]
[Date "1996.05.20"]
[Round "1.3"]
[White "Walther, Hans Wolfgang"]
[Black "Petrienko, Vladimir"]
[Result "0-1"]
[WhiteElo "2125"]
[BlackElo "2435"]
[PlyCount "58"]
[EventDate "1996.05.19"]
[EventType "team-tourn"]
[EventRounds "7"]
[EventCountry "HUN"]
[SourceTitle "EXT 2004"]
[Source "ChessBase"]
[SourceDate "2003.11.25"]
[SourceVersion "1"]
[SourceVersionDate "2003.11.25"]
[SourceQuality "1"]

1. e4 c5 2. Nf3 d6 3. d4 cxd4 4. Qxd4 Nc6 5. Bb5 Bd7 6. Bxc6 Bxc6 7. Nc3 e5 8. Qd3 h6 9. Nd5 Nf6 10. c4 Nxd5 11. cxd5 Bd7 12. 0-0 Be7 13. h3 0-0 14. g4 Rc8 15. Be3 h5 16. Nh2 hxg4 17. hxg4 Qa5 18. Rfc1 g6 19. Bh6 Rfd8 20. Bd2 Qa4 21. b4 a6 22. f3 Rxc1+ 23. Rxc1 Qxa2 24. Rc7 Qa4 25. Qc3 Qd1+ 26. Kg2 Qe2+ 27. Kg3 Bh4+ 28. Kxh4 Qxh2+ 29. Kg5 Kg7 0-1

[Event "Frydek Mistek op-A"]
[Site "Frydek Mistek"]
[Date "1995.??.??"]
[Round "?"]
[White "Istvandi, Lajos"]
[Black "Petrienko, Vladimir"]
[Result "1-0"]
[WhiteElo "2335"]
[BlackElo "2465"]
[PlyCount "110"]
[EventDate "1995.??.??"]
[EventType "swiss"]
[EventRounds "8"]
[EventCountry "CZE"]
[SourceTitle "EXT 1999"]
[Source "ChessBase"]
[SourceDate "1998.11.16"]
[SourceVersion "1"]
[SourceVersionDate "1998.11.16"]
[SourceQuality "1"]

1. d4 f5 2. g3 g6 3. Bg2 Bg7 4. Nf3 Nf6 5. 0-0 0-0 6. c4 d6 7. Nc3 Qe8 8. b3 Na6 9. Ba3 c6 10. Qc2 Rb8 11. Rac1 b5 12. cxb5 cxb5 13. Bb2 e5 14. dxe5 dxe5 15. Rfd1 e4 16. Nd4 Bd7 17. b4 Qf7 18. a3 Nc7 19. Na4 Ncd5 20. Nc5 Rbc8 21. Qb3 Kh8 22. e3 Nb6 23. Qxf7 Rxf7 24. Bf1 Nc4 25. Bxc4 bxc4 26. Rxc4 Ng4 27. Rdc1 Ne5 28. R4c2 Kg8 29. Kg2 Re7 30. Rd2 Rce8 31. Ne2 Bc8 32. Bxe5 Bxe5 33. Nd4 Rc7 34. Rcd1 Kf7 35. Nb5 Rce7 36. Nd6+ Bxd6 37. Rxd6 Rc7 38. h4 a5 39. h5 axb4 40. axb4 Be6 41. hxg6+ hxg6 42. g4 Bc4 43. Rh1 Kg7 44. gxf5 gxf5 45. Rhh6 Rb8 46. Rb6 Bf7 47. Kg3 Ra8 48. Ne6+ Bxe6 49. Rhxe6 Ra2 50. Rf6 Rb2 51. Rxf5 Rf7 52. Rxf7+ Kxf7 53. b5 Ke7 54. Rb8 Kd7 55. b6 Rb4 1-0

[Event "Gyongyos op "]
[Site "Gyongyos"]
[Date "1995.??.??"]
[Round "?"]
[White "Krivolapov, Konstantin"]
[Black "Petrienko, Vladimir"]
[Result "1/2-1/2"]
[WhiteElo "2310"]
[BlackElo "2460"]
[PlyCount "39"]
[EventDate "1995.??.??"]
[EventType "swiss"]
[EventRounds "9"]
[EventCountry "HUN"]
[SourceTitle "EXT 1999"]
[Source "ChessBase"]
[SourceDate "1998.11.16"]
[SourceVersion "1"]
[SourceVersionDate "1998.11.16"]
[SourceQuality "1"]

1. e4 c5 2. c3 e6 3. d4 d5 4. exd5 exd5 5. Bb5+ Nc6 6. Nf3 Bd6 7. dxc5 Bxc5 8. 0-0 Nge7 9. Nbd2 0-0 10. Nb3 Bb6 11. Nfd4 Qd6 12. Qh5 Ng6 13. Nf3 h6 14. Re1 Rd8 15. Be3 Bc7 16. Rad1 Nf4 17. Qh4 Ng6 18. Qh5 Nf4 19. Qh4 Ng6 20. Qh5 1/2-1/2

[Event "Frydek Mistek op-A"]
[Site "Frydek Mistek"]
[Date "1995.??.??"]
[Round "?"]
[White "Novosak, Jiri"]
[Black "Petrienko, Vladimir"]
[Result "0-1"]
[WhiteElo "2160"]
[BlackElo "2465"]
[PlyCount "72"]
[EventDate "1995.??.??"]
[EventType "swiss"]
[EventRounds "8"]
[EventCountry "CZE"]
[SourceTitle "EXT 1999"]
[Source "ChessBase"]
[SourceDate "1998.11.16"]
[SourceVersion "1"]
[SourceVersionDate "1998.11.16"]
[SourceQuality "1"]

1. e4 c5 2. Nf3 Nc6 3. Bb5 e6 4. 0-0 Nge7 5. b3 a6 6. Bxc6 Nxc6 7. Bb2 b5 8. a4 b4 9. d3 d5 10. Nbd2 Bb7 11. Qe2 d4 12. Nc4 Be7 13. Nfd2 e5 14. Qg4 0-0 15. Nf3 Bc8 16. Qg3 f6 17. Bc1 Be6 18. Nh4 Kh8 19. Bd2 g6 20. Rae1 Rc8 21. f4 exf4 22. Nxg6+ hxg6 23. Qxg6 Rf7 24. Rxf4 Qg8 25. Qh5+ Rh7 26. Qf3 Bxc4 27. bxc4 Ne5 28. Qf1 Qg6 29. Re2 Rg8 30. g3 b3 31. Be1 Rb8 32. cxb3 Nxd3 33. Rf3 Ne5 34. Rf5 Rxb3 35. Ref2 Ng4 36. e5 Nxf2 0-1

[Event "Frydek Mistek op-A"]
[Site "Frydek Mistek"]
[Date "1995.??.??"]
[Round "?"]
[White "Petrienko, Vladimir"]
[Black "Berezjuk, Sergej"]
[Result "1/2-1/2"]
[WhiteElo "2465"]
[BlackElo "2395"]
[PlyCount "55"]
[EventDate "1995.??.??"]
[EventType "swiss"]
[EventRounds "8"]
[EventCountry "CZE"]
[SourceTitle "EXT 1999"]
[Source "ChessBase"]
[SourceDate "1998.11.16"]
[SourceVersion "1"]
[SourceVersionDate "1998.11.16"]
[SourceQuality "1"]

1. e4 c5 2. Nf3 e6 3. c3 d5 4. exd5 Qxd5 5. d4 Nf6 6. Be3 cxd4 7. cxd4 Nc6 8. Nc3 Qd6 9. a3 Be7 10. Bd3 0-0 11. 0-0 b6 12. Qe2 Bb7 13. Rad1 a6 14. Rfe1 b5 15. Ne4 Nxe4 16. Bxe4 Na5 17. Bxb7 Nxb7 18. d5 Bf6 19. Bd4 Bxd4 20. dxe6 Qxe6 21. Qxe6 Bxf2+ 22. Kxf2 fxe6 23. Rxe6 Nc5 24. Re7 Rf7 25. Rxf7 Kxf7 26. b4 Ne4+ 27. Ke3 Nf6 28. Rc1 1/2-1/2

[Event "Gyongyos op "]
[Site "Gyongyos"]
[Date "1995.??.??"]
[Round "?"]
[White "Petrienko, Vladimir"]
[Black "Borsos, Bogdan"]
[Result "1-0"]
[WhiteElo "2460"]
[BlackElo "2310"]
[PlyCount "125"]
[EventDate "1995.??.??"]
[EventType "swiss"]
[EventRounds "9"]
[EventCountry "HUN"]
[SourceTitle "EXT 1999"]
[Source "ChessBase"]
[SourceDate "1998.11.16"]
[SourceVersion "1"]
[SourceVersionDate "1998.11.16"]
[SourceQuality "1"]

1. e4 e5 2. Bc4 Nf6 3. d3 Bc5 4. Nf3 d6 5. c3 Nc6 6. 0-0 a6 7. Bb3 Ba7 8. Nbd2 0-0 9. Nc4 Kh8 10. Bg5 Ne7 11. Kh1 Ng4 12. d4 f6 13. Bh4 Qe8 14. h3 Nh6 15. Bg3 Ng6 16. Qd2 Be6 17. Rae1 Rd8 18. Bh2 Qf7 19. Na5 Bxb3 20. axb3 c6 21. Qc2 Rfe8 22. Rd1 Bb6 23. Nc4 Bc7 24. Rfe1 d5 25. Ncd2 exd4 26. Nxd4 Bxh2 27. Kxh2 Nf4 28. g3 Ne6 29. Nxe6 Rxe6 30. Nf3 Red6 31. e5 fxe5 32. Ng5 Qg6 33. Qxg6 Rxg6 34. Rxe5 Kg8 35. c4 Nf7 36. Nxf7 Kxf7 37. cxd5 Rxd5 38. Rexd5 cxd5 39. Rxd5 Rb6 40. Rd3 Kf6 41. Kg2 Ke6 42. Kf3 a5 43. Ke3 a4 44. Kd4 h5 45. Kc5 Rc6+ 46. Kb4 Rc2 47. Rf3 Rxb2 48. Kxa4 g5 49. b4 Ke5 50. Rf7 h4 51. gxh4 gxh4 52. Rh7 Rxf2 53. Rxh4 Kd6 54. Ka5 Kc7 55. Rc4+ Kb8 56. Kb6 Rf6+ 57. Kc5 Kc7 58. Kd5+ Kb6 59. Ke5 Rg6 60. h4 Kb5 61. Rf4 Rg1 62. Kf6 Rg3 63. h5 1-0

[Event "Gyongyos op "]
[Site "Gyongyos"]
[Date "1995.??.??"]
[Round "?"]
[White "Petrienko, Vladimir"]
[Black "Eberth, Zoltan"]
[Result "1-0"]
[WhiteElo "2460"]
[BlackElo "2230"]
[PlyCount "57"]
[EventDate "1995.??.??"]
[EventType "swiss"]
[EventRounds "9"]
[EventCountry "HUN"]
[SourceTitle "EXT 1999"]
[Source "ChessBase"]
[SourceDate "1998.11.16"]
[SourceVersion "1"]
[SourceVersionDate "1998.11.16"]
[SourceQuality "1"]

1. e4 c5 2. Nf3 Nc6 3. Bb5 g6 4. 0-0 Bg7 5. Re1 Nf6 6. c3 0-0 7. d4 cxd4 8. cxd4 d5 9. e5 Ne4 10. Nc3 Bf5 11. Bxc6 bxc6 12. Na4 f6 13. Be3 Rb8 14. exf6 exf6 15. Rc1 Qa5 16. b3 Rb4 17. Nd2 Qa6 18. Nxe4 Bxe4 19. Qd2 Qb5 20. Nc5 f5 21. a3 Rxb3 22. Nxb3 Qxb3 23. f3 f4 24. Bxf4 Bf5 25. Be5 Qxa3 26. Bxg7 Kxg7 27. Ra1 Qd3 28. Rxa7+ Kf6 29. Qb4 1-0

[Event "Litomysl op"]
[Site "Litomysl"]
[Date "1995.??.??"]
[Round "2"]
[White "Petrienko, Vladimir"]
[Black "Rogovskoy, Alexander"]
[Result "1-0"]
[WhiteElo "2460"]
[BlackElo "2270"]
[PlyCount "79"]
[EventDate "1995.??.??"]
[EventType "swiss"]
[EventRounds "7"]
[EventCountry "CZE"]
[SourceTitle "EXT 1998"]
[Source "ChessBase"]
[SourceDate "1997.11.17"]
[SourceVersion "1"]
[SourceVersionDate "1997.11.17"]
[SourceQuality "1"]

1. c4 f5 2. Nf3 Nf6 3. d4 e6 4. g3 Be7 5. Bg2 0-0 6. 0-0 d6 7. b3 a5 8. Nc3 Qe8 9. Bb2 Qh5 10. e3 g5 11. Ne1 Qxd1 12. Rxd1 Na6 13. a3 c6 14. Nd3 d5 15. Na4 Nd7 16. Rc1 Nc7 17. f3 Nf6 18. Ne5 Ra6 19. Rfe1 Bd6 20. Bf1 b5 21. cxb5 cxb5 22. Nc5 Rb6 23. Rc2 Na6 24. Rec1 Nb8 25. Bc3 b4 26. axb4 axb4 27. Bd2 Bxc5 28. dxc5 Rb7 29. c6 Rb6 30. e4 d4 31. Bd3 fxe4 32. fxe4 h6 33. Rc4 Na6 34. Rxd4 Kg7 35. c7 Ne8 36. Nd7 Rd6 37. Rxd6 Nxd6 38. Nxf8 Kxf8 39. Bxa6 Bxa6 40. Bxb4 1-0

[Event "Litomysl op"]
[Site "Litomysl"]
[Date "1995.??.??"]
[Round "6"]
[White "Pisk, Petr"]
[Black "Petrienko, Vladimir"]
[Result "1/2-1/2"]
[WhiteElo "2275"]
[BlackElo "2460"]
[PlyCount "106"]
[EventDate "1995.??.??"]
[EventType "swiss"]
[EventRounds "7"]
[EventCountry "CZE"]
[SourceTitle "EXT 1998"]
[Source "ChessBase"]
[SourceDate "1997.11.17"]
[SourceVersion "1"]
[SourceVersionDate "1997.11.17"]
[SourceQuality "1"]

1. e4 c5 2. c3 e6 3. d4 d5 4. exd5 exd5 5. Be3 c4 6. b3 cxb3 7. axb3 Bd6 8. Bd3 Ne7 9. Qf3 Nbc6 10. Ne2 0-0 11. 0-0 Ng6 12. Bf4 Nxf4 13. Nxf4 Ne7 14. Na3 Ng6 15. Nxg6 hxg6 16. Nb5 Bb8 17. Rfe1 a6 18. c4 Be6 19. c5 Qg5 20. h3 Bf4 21. Nc3 Rae8 22. Ne2 Bb8 23. b4 Bd7 24. Red1 Re6 25. Nc3 Rf6 26. Qxd5 Qf4 27. Ne4 Qh2+ 28. Kf1 Bc6 29. Qg5 Rf5 30. Qe3 Re8 31. Ke2 Bf4 32. Rh1 Qxg2 33. Rag1 Bxe3 34. Rxg2 Bxd4 35. f3 Rf4 36. Rg4 Rxg4 37. hxg4 Bc3 38. Rc1 Bxb4 39. Kf2 Rd8 40. Bc4 a5 41. Kg3 Kf8 42. Nd6 f6 43. Ba2 Ke7 44. Bb1 Rxd6 45. cxd6+ Bxd6+ 46. Kf2 Bd5 47. Bxg6 Be5 48. f4 Bd4+ 49. Ke2 Kd6 50. Kd3 Bc5 51. Be8 Bf3 52. Rb1 b6 53. g5 fxg5 1/2-1/2

[Event "Karvina op"]
[Site "Karvina"]
[Date "1994.??.??"]
[Round "?"]
[White "Hiebel, Johannes"]
[Black "Petrienko, Vladimir"]
[Result "1-0"]
[WhiteElo "2285"]
[BlackElo "2450"]
[PlyCount "71"]
[EventDate "1994.??.??"]
[EventType "swiss"]
[EventRounds "9"]
[EventCountry "CZE"]
[SourceTitle "EXT 2004"]
[Source "ChessBase"]
[SourceDate "2003.11.25"]
[SourceVersion "1"]
[SourceVersionDate "2003.11.25"]
[SourceQuality "1"]

1. c4 f5 2. Nc3 Nf6 3. d4 g6 4. f3 c5 5. d5 d6 6. e4 fxe4 7. fxe4 Bg7 8. Nf3 Ng4 9. h3 Ne5 10. Nxe5 Bxe5 11. Bh6 e6 12. Qd2 Qh4+ 13. Kd1 Qe7 14. Be2 Na6 15. Rf1 Bd7 16. a3 Nc7 17. Kc2 exd5 18. exd5 Bf5+ 19. Kb3 0-0-0 20. Bg5 Qg7 21. Bxd8 Rxd8 22. Bd3 Bd7 23. Rf3 a6 24. Raf1 Be8 25. Ka2 Qe7 26. Ne4 Na8 27. Ng5 Nb6 28. Nf7 Bxf7 29. Rxf7 Qh4 30. Qf2 Qh6 31. Qe1 Nd7 32. Be2 Qg5 33. Bg4 h5 34. Be6 Qxg2 35. R1f2 Qg3 36. Qa5 1-0